La reconstrucción del materialismo histórico (Registro nro. 6587)

Detalles MARC
000 -ENCABEZADO
Número de control [NR] 00839nam a2200241Ia 4500
008 - DE LONGITUD FIJA DE DATOS DE ELEMENTOS - INFORMACIÓN GENERAL
Elementos de longitud fija [NR] 130821s1983 sp gr spa
020 ## - NUMERO INTERNACIONAL NORMALIZADO PARA LIBROS [R]
Número Internacional Normalizado del libro [NR] 8430611908
040 ## - FUENTE DE CATALOGACION [NR]
Agencia de catalogación original [NR] Co-BoUCM
Idioma de catalogación [NR] spa
041 ## - CODIGO DE IDIOMA [R]
Código de idioma para texto/pista de sonido o título separado [R] Español
100 1# - ASIENTO PRINCIPAL--NOMBRE PERSONAL [NR]
Nombre personal [NR] Habermas, Jürgen
Fechas asociadas con el nombre [NR] 1929-
ID Autoridad 35624
245 13 - MENCION DE TITULO [NR]
Título [NR] La reconstrucción del materialismo histórico
Mención de responsabilidad, etc. [NR] Jurgen Habermas; versión castellana Jaime Nicolás Miniz y Ramón García Cotarelo.
260 ## - PUBLICACION, DISTRIBUCION, ETC. (PIE DE IMPRENTA) [R]
Lugar de publicación, distribución, etc. [R] Madrid (España)
Nombre del editor, distribuidor, etc. [R] Taurus
Fecha de publicación, distribución, etc. [R] 1983
300 ## - DESCRIPCION FISICA [R]
Extensión [R] 315 páginas tab. , cuad.
490 ## - MENCION DE SERIE [R]
Mención de serie [R] Ensayistas
Designación numérica/secuencial del volumen [NR] 190
650 04 - ASIENTO SECUNDARIO DE MATERIA - TERMINO TEMATICO [R]
Término temático o nombre geográfico como elemento de entrada [NR] Filosofía moderna
9 (RLIN) 15835
650 04 - ASIENTO SECUNDARIO DE MATERIA - TERMINO TEMATICO [R]
Término temático o nombre geográfico como elemento de entrada [NR] Filosofía
9 (RLIN) 75
650 04 - ASIENTO SECUNDARIO DE MATERIA - TERMINO TEMATICO [R]
Término temático o nombre geográfico como elemento de entrada [NR] Filosofía
Subdivisión general [R] Historia
9 (RLIN) 15858
650 04 - ASIENTO SECUNDARIO DE MATERIA - TERMINO TEMATICO [R]
Término temático o nombre geográfico como elemento de entrada [NR] Marxismo
9 (RLIN) 19003
650 04 - ASIENTO SECUNDARIO DE MATERIA - TERMINO TEMATICO [R]
Término temático o nombre geográfico como elemento de entrada [NR] Materialismo dialéctico
9 (RLIN) 19071
650 04 - ASIENTO SECUNDARIO DE MATERIA - TERMINO TEMATICO [R]
Término temático o nombre geográfico como elemento de entrada [NR] Materialismo histórico
9 (RLIN) 19072
942 ## - ELEMENTOS DE ENTRADA AGREGADOS (KOHA)
Tipo de ítem principal el descrito en 300a Libro
Tema principal Filosofía
Edición 1
Parte restante de la signatura top. H11
Sistema de clasificación DEWEY
Clasificación 146.3
Existencias
Fecha de último préstamo Total préstamos Total Renewals Signatura topográfica Código de barras Última vez visto Volúmen / Fascículo Ejemplar Price effective from Tipo de ítem Perdido Sistema de clasificación Dañado No prestable Tipo de ítem específico Suprimido Ubicación habitual Ubicación actual Localización Fecha de creación Forma de adquisición Costo
25/07/2019 8 3 146.3 H11 100025041 05/12/2025 1a. ed. Ej.1 03/02/2013 Libro   DEWEY     Libro   Claustro Claustro 2do piso 28/02/2003 Compra 2102.00